| 000 | 00746nam a2200217 a 4500 | ||
|---|---|---|---|
| 001 | 71147 | ||
| 003 | BD-RjUL | ||
| 005 | 20211209082101.0 | ||
| 008 | 170427s1954 ii ||||| |||| 00| 0 ben d | ||
| 035 | _a(BD-RjUL)71362 | ||
| 040 |
_aBD-RjUL _beng _cBD-RjUL |
||
| 041 | _aeng | ||
| 082 |
_223 _a914 _bGHE 1954 |
||
| 100 |
_aঘোষ, বিমল _9210493 |
||
| 245 | 1 | 0 |
_aইউরোপের অগ্নিকোণে / _cবিমল ঘোষ (মৌমাছি) |
| 260 |
_aকলিকাতা : _bমিত্র ও ঘোষ , _c১৯৫৪. |
||
| 300 |
_a৩৬৪ পৃ. : _bচিত্র ; _c১৮ সেমি. |
||
| 650 |
_aভ্রমণ _zইউরোপ _9120328 |
||
| 650 |
_aTravels _zEuproe. _9210494 |
||
| 942 |
_2ddc _cBK |
||
| 999 |
_c71147 _d71147 |
||